000 00448 a2200169 4500
020 _a0-00-616130-8 (pbk) ;
040 _aDLC
_bDLC
082 _a823.912
082 _a823.912
100 1 _aChristie, Agatha,
245 0 4 _aThe murder at the vicarage
_cAgatha Christie
260 _aLondon :
_bHarperCollins,
_c1993
300 _a221 s.
500 _aFirst published 1930
650 7 _aEnglish fiction
_y20th century
942 _cBK
_k823.912 CHR
_2ddc
999 _c10568
_d10568